|
|
|
|
| LEADER |
01371nam a2200313 u 4500 |
| 001 |
10027017 |
| 003 |
upatras |
| 005 |
20210117205956.0 |
| 008 |
951013s1980 is eng |
| 020 |
|
|
|a 0852744242
|
| 040 |
|
|
|a GR-PaULI
|c GR-PaULI
|
| 041 |
0 |
|
|a eng
|
| 044 |
0 |
0 |
|a GBIL
|
| 082 |
0 |
4 |
|a 512.54
|
| 245 |
1 |
0 |
|a Group theoretical methods in physics
|b proceedings of the VIII International Colloquium on Group Theoretical Methods in Physics, held at Kiryat Anavim, March 25-29, 1979
|c edited by L. P. Horowitz and Y. Ne'Eman
|
| 260 |
|
|
|a Bristol
|a Ramat-Gan
|b Adam Hilger
|b The Israel Physical Society in association with The American Institute of Physics
|c 1980
|
| 300 |
|
|
|a xvi, 417 p.
|b fig.
|
| 490 |
0 |
|
|a Annals of the Israel Physical Society
|v 3
|
| 504 |
|
|
|a Includes references
|
| 650 |
|
4 |
|a Ομάδες, Θεωρία των
|9 971
|
| 700 |
1 |
|
|a Horowitz, L. P.
|4 edt
|9 152806
|
| 700 |
1 |
|
|a Ne'eman, Yuval
|4 edt
|9 112959
|
| 760 |
1 |
|
|a Annals of the Israel Physical Society
|g 3
|
| 852 |
|
|
|a GR-PaULI
|b ΠΑΤΡΑ
|b ΦΥΣΙΚΟ
|k ΑΕΧ-1
|h 512.54 HOR
|m 01603
|p 025000147574
|t 1
|
| 942 |
|
|
|2 ddc
|c BK15
|
| 952 |
|
|
|0 0
|1 0
|4 0
|6 512_540000000000000_HOR
|7 0
|9 197406
|a PHYS
|b PHYS
|d 2016-04-24
|i 01603
|l 0
|o 512.54 HOR
|p 025000147574
|r 2016-04-24 00:00:00
|t 1
|w 2016-04-24
|y BK15
|
| 998 |
|
|
|c ΔΡΑΚΟΠΟΥΛΟΥ
|d 2002-12
|
| 998 |
|
|
|c ΚΟΥΚΑΡΑΣ
|d 2009-03
|
| 999 |
|
|
|c 121209
|d 121209
|